000
00251nam a22001217a 4500
082
_a
494
_b
GUP/G
100
_a
GUPTHA,J.P
245
_a
KHAR PARIVAR KEE SURAKSHA
260
_a
DELHI
_b
RATNA SAGAR
300
_a
86
650
_a
ESSAY
_z
DELHI
942
_c
BK
999
_c
4498
_d
4498